| 000 | 00355nam a22001337a 4500 | ||
|---|---|---|---|
| 008 | 230623b xxu||||| |||| 00| 0 eng d | ||
| 020 | _a996676741X | ||
| 082 |
_a330.9 _bKNB |
||
| 100 | _cKenya National Bureau of Statistics | ||
| 245 | _aEconomic Survey 2012 | ||
| 260 |
_aNairobi _bKenya National Bureau of Statistics |
||
| 300 | _a255p | ||
| 942 |
_2ddc _cBK |
||
| 999 |
_c2496 _d2496 |
||